Mission MBA: Management Aptitude Test (MAT) (Record no. 9403)
[ view plain ]
| 000 -LEADER | |
|---|---|
| fixed length control field | 00418cam a2200181ua 4500 |
| 001 - CONTROL NUMBER | |
| control field | 10424 |
| 005 - DATE AND TIME OF LATEST TRANSACTION | |
| control field | 20260515114624.0 |
| 008 - FIXED-LENGTH DATA ELEMENTS--GENERAL INFORMATION | |
| fixed length control field | 190202n ii |||gr||||Z||||||eng |
| 020 ## - INTERNATIONAL STANDARD BOOK NUMBER | |
| International Standard Book Number | 9789311125343 |
| 040 ## - CATALOGING SOURCE | |
| Transcribing agency | MAIN |
| 041 ## - LANGUAGE CODE | |
| Language code of text/sound track or separate title | eng |
| 082 ## - DEWEY DECIMAL CLASSIFICATION NUMBER | |
| Classification number | 030 |
| 245 ## - TITLE STATEMENT | |
| Title | Mission MBA: Management Aptitude Test (MAT) |
| 260 ## - PUBLICATION, DISTRIBUTION, ETC. | |
| Place of publication, distribution, etc. | Meerut: |
| Name of publisher, distributor, etc. | Arihant. |
| 653 ## - INDEX TERM--UNCONTROLLED | |
| Uncontrolled term | General encyclopedic works |
| 653 ## - INDEX TERM--UNCONTROLLED | |
| Uncontrolled term | MAT |
| 942 ## - ADDED ENTRY ELEMENTS (KOHA) | |
| Koha item type | Books |
| Withdrawn status | Lost status | Damaged status | Not for loan | Home library | Current library | Shelving location | Date acquired | Total checkouts | Full call number | Barcode | Date last seen | Copy number | Price effective from | Koha item type |
|---|---|---|---|---|---|---|---|---|---|---|---|---|---|---|
| Naharkatiya College Library | Naharkatiya College Library | General stacks | 09/19/2020 | 030 | MIS | 25269 | 09/19/2020 | 1 | 09/19/2020 | Books |